[Event "GBR-ch105 Seniors 65"]
[Site "Hull"]
[Date "2018.07.30"]
[Round "2.1"]
[White "Shephard, Chris CW"]
[Black "Chesters, Graham"]
[Result "1-0"]
[WhiteElo "2201"]
[BlackElo "1987"]
[PlyCount "69"]
[EventDate "2018.07.29"]
[EventType "swiss"]
[EventRounds "7"]
[EventCountry "GBR"]

1. e4 c5 2. Nf3 e6 3. d4 cxd4 4. Nxd4 Nf6 5. Nc3 Nc6 6. Ndb5 d6 7. Bf4 e5 8.
Bg5 a6 9. Na3 Be7 10. Nc4 b5 11. Bxf6 gxf6 12. Ne3 Be6 13. Ncd5 Ra7 14. c3 Qc8
15. Qf3 Bxd5 16. Nxd5 Rg8 17. Nxf6+ Bxf6 18. Qxf6 Qe6 19. Qf3 b4 20. Be2 f6 21.
O-O Rag7 22. g3 Ne7 23. Bxa6 f5 24. Bb5+ Kf8 25. exf5 Nxf5 26. Bc6 Ke7 27. Bd5
Nh4 28. Qe4 Qf6 29. Kh1 Rg4 30. Qe3 R8g5 31. f4 Rf5 32. gxh4 Rxh4 33. Rf2 Qh6
34. Rg1 Rfxf4 35. Qa7+ 1-0

[Event "GBR-ch105 Seniors 65"]
[Site "Hull"]
[Date "2018.07.30"]
[Round "2.2"]
[White "James, Geoffrey H"]
[Black "Kelly, Ian G"]
[Result "1/2-1/2"]
[WhiteElo "2163"]
[BlackElo "1985"]
[PlyCount "47"]
[EventDate "2018.07.29"]
[EventType "swiss"]
[EventRounds "7"]
[EventCountry "GBR"]

1. e4 d6 2. d4 Nf6 3. Nc3 g6 4. f3 Bg7 5. Be3 c6 6. a4 Na6 7. Qd2 Nc7 8. Bd3
O-O 9. Nge2 e5 10. Bh6 Qe7 11. O-O Ne6 12. Bxg7 Kxg7 13. Bc4 exd4 14. Nxd4 Nxd4
15. Qxd4 Be6 16. e5 dxe5 17. Qxe5 Rfe8 18. Rfe1 Kg8 19. Bxe6 Qxe6 20. Qf4 Nd5
21. Qd2 Qf5 22. Rxe8+ Rxe8 23. Ne4 Qe5 24. c3 1/2-1/2

[Event "GBR-ch105 Seniors 65"]
[Site "Hull"]
[Date "2018.07.30"]
[Round "2.3"]
[White "Jackson, Oliver A"]
[Black "Moore, Geoffrey R"]
[Result "1-0"]
[WhiteElo "2143"]
[BlackElo "1980"]
[PlyCount "65"]
[EventDate "2018.07.29"]
[EventType "swiss"]
[EventRounds "7"]
[EventCountry "GBR"]

1. e4 e6 2. d4 d5 3. Nc3 Nf6 4. e5 Nfd7 5. f4 c5 6. Nf3 Nc6 7. Bd3 cxd4 8. Ne2
Qa5+ 9. Bd2 Qb6 10. O-O Nc5 11. f5 Nxd3 12. cxd3 exf5 13. Nf4 Be6 14. Ng5 Ne7
15. Rc1 g6 16. Nfxe6 fxe6 17. Qa4+ Nc6 18. Nxe6 Be7 19. Bh6 Kf7 20. Nf4 Rad8
21. g4 g5 22. Nh3 Kg6 23. Bxg5 Bxg5 24. Nxg5 Kxg5 25. Rxf5+ Kg6 26. Rcf1 Rd7
27. Qc2 Qd8 28. Qf2 Rg8 29. Rf7 Kh6 30. Qf5 Rxg4+ 31. Qxg4 Rxf7 32. Rxf7 Nxe5
33. Qg7+ 1-0

[Event "GBR-ch105 Seniors 65"]
[Site "Hull"]
[Date "2018.07.30"]
[Round "2.4"]
[White "Burnett, Jim"]
[Black "Atkinson, John W"]
[Result "1-0"]
[WhiteElo "2088"]
[BlackElo "1975"]
[PlyCount "53"]
[EventDate "2018.07.29"]
[EventType "swiss"]
[EventRounds "7"]
[EventCountry "GBR"]

1. d4 e6 2. Nf3 f5 3. g3 Nf6 4. Bg2 Be7 5. O-O O-O 6. c4 d6 7. Nc3 Ne4 8. Nxe4
fxe4 9. Nd2 d5 10. f3 c5 11. fxe4 Rxf1+ 12. Nxf1 dxc4 13. d5 Na6 14. Ne3 b5 15.
a4 Bd7 16. e5 Rb8 17. axb5 Bxb5 18. dxe6 Qd4 19. Qxd4 cxd4 20. Nd5 Bc5 21. Kh1
Re8 22. Ra5 Rb8 23. e7 d3 24. Rxb5 Kf7 25. Rxb8 Nxb8 26. Be4 Nc6 27. e6+ 1-0

[Event "GBR-ch105 Seniors 65"]
[Site "Hull"]
[Date "2018.07.30"]
[Round "2.5"]
[White "Hutchinson, Norman A"]
[Black "Crombleholme, Alan K"]
[Result "1-0"]
[WhiteElo "2045"]
[BlackElo "1974"]
[PlyCount "85"]
[EventDate "2018.07.29"]
[EventType "swiss"]
[EventRounds "7"]
[EventCountry "GBR"]

1. e4 Nf6 2. e5 Nd5 3. d4 d6 4. c4 Nb6 5. exd6 exd6 6. Nc3 Nc6 7. Be3 Bf5 8.
Nf3 Be7 9. h3 Bf6 10. Qd2 O-O 11. Be2 Re8 12. g4 Bg6 13. g5 Be7 14. Nh4 d5 15.
Nxg6 hxg6 16. c5 Nc4 17. Bxc4 dxc4 18. h4 Qd7 19. Ne2 b6 20. O-O-O bxc5 21.
dxc5 Qxd2+ 22. Rxd2 Ne5 23. Nf4 c6 24. Kc2 Rab8 25. Rh3 Red8 26. Bd4 Nd7 27.
Rc3 Bxc5 28. Rxc4 Bb6 29. Rxc6 Rbc8 30. Rxc8 Rxc8+ 31. Bc3 Nc5 32. Nd5 Kf8 33.
Nxb6 axb6 34. Rd6 Na4 35. Kb3 Ke7 36. Rd4 Nc5+ 37. Kc2 Ne6 38. Ra4 Kd6 39. Ra7
b5 40. Kd2 Kc5 41. Rxf7 Rh8 42. Bxg7 Rh7 43. Bd4+ 1-0

[Event "GBR-ch105 Seniors 65"]
[Site "Hull"]
[Date "2018.07.30"]
[Round "2.6"]
[White "Clucas, Reg P"]
[Black "Bowmer, Kevin"]
[Result "0-1"]
[WhiteElo "1959"]
[BlackElo "2039"]
[PlyCount "94"]
[EventDate "2018.07.29"]
[EventType "swiss"]
[EventRounds "7"]
[EventCountry "GBR"]

1. e4 c5 2. Nf3 d6 3. d4 cxd4 4. Nxd4 Nf6 5. Nc3 Nc6 6. Be3 Ng4 7. Qd2 Nxe3 8.
fxe3 e6 9. Rd1 a6 10. Nxc6 bxc6 11. Bc4 Be7 12. O-O O-O 13. Rf3 d5 14. Bb3 Qc7
15. Rdf1 a5 16. exd5 cxd5 17. Nxd5 exd5 18. Bxd5 Be6 19. Bxa8 Rxa8 20. b3 Bb4
21. Qf2 Rd8 22. Qh4 Bc5 23. Qf2 Qe5 24. c4 f5 25. Kh1 g6 26. Qe2 Qd6 27. e4
fxe4 28. Qxe4 Bf5 29. Qf4 Qxf4 30. Rxf4 Rd2 31. a4 Re2 32. h3 h5 33. Rxf5 gxf5
34. Rxf5 Re1+ 35. Kh2 Bd6+ 36. g3 h4 37. Rxa5 hxg3+ 38. Kg2 Re2+ 39. Kg1 Bf4
40. Ra8+ Kf7 41. Ra7+ Kg6 42. Ra8 Be3+ 43. Kf1 Rf2+ 44. Ke1 Bd2+ 45. Kd1 g2 46.
Rg8+ Kf7 47. Rg3 Bb4 0-1

[Event "GBR-ch105 Seniors 65"]
[Site "Hull"]
[Date "2018.07.30"]
[Round "2.7"]
[White "Milnes, Anthony CP"]
[Black "Kendall, Paul SN"]
[Result "1/2-1/2"]
[WhiteElo "2025"]
[BlackElo "1955"]
[PlyCount "26"]
[EventDate "2018.07.29"]
[EventType "swiss"]
[EventRounds "7"]
[EventCountry "GBR"]

1. f4 g6 2. Nf3 d5 3. e3 Bg7 4. Be2 Nf6 5. O-O O-O 6. d3 b6 7. Ne5 Bb7 8. Bf3
Nbd7 9. Nxd7 Qxd7 10. Nc3 c5 11. Qe1 d4 12. Nd1 dxe3 13. Nxe3 Bxf3 1/2-1/2

[Event "GBR-ch105 Seniors 65"]
[Site "Hull"]
[Date "2018.07.30"]
[Round "2.8"]
[White "Valentine, Brian J"]
[Black "Habershon, Paul F"]
[Result "1/2-1/2"]
[WhiteElo "1935"]
[BlackElo "2023"]
[PlyCount "53"]
[EventDate "2018.07.29"]
[EventType "swiss"]
[EventRounds "7"]
[EventCountry "GBR"]

1. e4 e6 2. d4 d5 3. Nc3 Bb4 4. e5 Qd7 5. a3 Bxc3+ 6. bxc3 b6 7. a4 Ba6 8. Bxa6
Nxa6 9. Ne2 Nb8 10. O-O Nc6 11. f4 Nge7 12. Ng3 g6 13. Ba3 Na5 14. Bxe7 Qxe7
15. Rf3 Qd7 16. Nf1 Nc4 17. Qe2 a5 18. Ra2 b5 19. Ne3 Nxe3 20. Rxe3 bxa4 21. c4
O-O 22. Rea3 dxc4 23. Qxc4 Rfb8 24. Rxa4 Rb1+ 25. Kf2 Rab8 26. Rxa5 R1b4 27.
Qc5 1/2-1/2

[Event "GBR-ch105 Seniors 65"]
[Site "Hull"]
[Date "2018.07.30"]
[Round "2.9"]
[White "Reuben, Stewart"]
[Black "Levens, David G"]
[Result "0-1"]
[WhiteElo "2013"]
[BlackElo "1909"]
[PlyCount "110"]
[EventDate "2018.07.29"]
[EventType "swiss"]
[EventRounds "7"]
[EventCountry "GBR"]

1. c4 e6 2. Nc3 d5 3. d4 Nf6 4. Bg5 Nbd7 5. e3 c6 6. cxd5 exd5 7. Bd3 Be7 8.
Qc2 Qa5 9. Nf3 h6 10. Bh4 O-O 11. O-O Bd6 12. a3 Qc7 13. Rac1 a6 14. b4 b6 15.
Qb3 Bb7 16. Na4 Rfe8 17. Rc2 Ne4 18. Rfc1 Re6 19. Nc3 Qb8 20. Ne2 c5 21. bxc5
bxc5 22. Rb2 Ra7 23. Bxe4 dxe4 24. Nd2 Bxh2+ 25. Kh1 Bd6 26. Bg3 Bxg3 27. Nxg3
cxd4 28. exd4 e3 29. Ndf1 exf2 30. d5 Re1 31. Qc3 Qf4 32. Rxe1 Qh4+ 33. Nh2
fxe1=Q+ 34. Qxe1 Nf6 35. Kg1 Bxd5 36. Qc3 Re7 37. Nhf1 Qc4 38. Qxc4 Bxc4 39.
Kf2 Bb5 40. Ne3 Ne4+ 41. Nxe4 Rxe4 42. Nd1 f5 43. Nc3 Re5 44. Nxb5 axb5 45. Rb4
Kf7 46. a4 bxa4 47. Rxa4 Kf6 48. g3 Kg5 49. Kf3 Re4 50. Ra7 g6 51. Rh7 Ra4 52.
Kg2 h5 53. Kh3 Ra3 54. Kh2 Kg4 55. Rb7 Ra2+ 0-1

[Event "GBR-ch105 Seniors 65"]
[Site "Hull"]
[Date "2018.07.30"]
[Round "2.10"]
[White "Brown, Geoffrey M"]
[Black "Jones, Chris"]
[Result "0-1"]
[WhiteElo "1897"]
[BlackElo "2007"]
[PlyCount "100"]
[EventDate "2018.07.29"]
[EventType "swiss"]
[EventRounds "7"]
[EventCountry "GBR"]

1. f4 Nf6 2. Nf3 d6 3. d3 Nbd7 4. e4 e5 5. c4 g6 6. Nc3 Bg7 7. g3 c6 8. Bg2
exf4 9. gxf4 Nc5 10. O-O O-O 11. Kh1 Bg4 12. Be3 Nh5 13. Qd2 Qe7 14. Rae1 Nd7
15. d4 Rad8 16. Qf2 Nb6 17. b3 c5 18. Ng1 Bf6 19. Nge2 Bh4 20. Ng3 cxd4 21.
Bxd4 f6 22. a4 Nd7 23. Nd5 Qg7 24. Bf3 Ne5 25. Bxe5 Bxf3+ 26. Qxf3 fxe5 27.
Nxh5 Qh6 28. Ng3 exf4 29. Ne2 Bxe1 30. Rxe1 g5 31. Rg1 Kf7 32. Nd4 Rg8 33. Qg4
Qg6 34. Nf5 h6 35. Qd1 Qe6 36. Qd4 Rg6 37. Re1 b6 38. a5 Qe5 39. Qxe5 dxe5 40.
axb6 axb6 41. Nxb6 Rxb6 42. Ra1 Rxb3 43. Nxh6+ Kg6 44. Ng4 Rd2 45. Nxe5+ Kh5
46. c5 Rh3 47. Ra7 Rdxh2+ 48. Kg1 Rh1+ 49. Kg2 R3h2+ 50. Kf3 Rf1# 0-1

[Event "GBR-ch105 Seniors 65"]
[Site "Hull"]
[Date "2018.07.30"]
[Round "2.11"]
[White "Bimpson, Tom"]
[Black "Dawson, Alastair G"]
[Result "1-0"]
[WhiteElo "1988"]
[BlackElo "1802"]
[PlyCount "55"]
[EventDate "2018.07.29"]
[EventType "swiss"]
[EventRounds "7"]
[EventCountry "GBR"]

1. d4 d6 2. Bf4 g6 3. Nc3 Bg7 4. Nf3 Nd7 5. e4 e5 6. dxe5 dxe5 7. Bg3 Ne7 8.
Bc4 O-O 9. Qe2 c6 10. a4 Qc7 11. h4 h5 12. O-O Nc5 13. b4 Ne6 14. Rad1 Nf4 15.
Qd2 Bg4 16. Qd6 Qxd6 17. Rxd6 Rad8 18. Rxd8 Rxd8 19. Ng5 Rf8 20. f3 Bc8 21. Rd1
Bf6 22. Rd6 Kg7 23. Bf2 a6 24. Bc5 Bxg5 25. hxg5 Ne6 26. Bxe6 fxe6 27. a5 Rf7
28. Rd8 1-0

[Event "GBR-ch105 Seniors 65"]
[Site "Hull"]
[Date "2018.07.30"]
[Round "2.12"]
[White "Phillips, William"]
[Black "Friedgood, David"]
[Result "0-1"]
[WhiteElo "1862"]
[BlackElo "2188"]
[PlyCount "84"]
[EventDate "2018.07.29"]
[EventType "swiss"]
[EventRounds "7"]
[EventCountry "GBR"]

1. d4 g6 2. e4 Bg7 3. Nc3 d6 4. Nf3 Nf6 5. Be2 O-O 6. O-O b6 7. Re1 Bb7 8. e5
dxe5 9. Nxe5 Nbd7 10. Bf3 Bxf3 11. Qxf3 Nxe5 12. dxe5 Nd7 13. Bf4 Nc5 14. Rad1
Qe8 15. Qh3 c6 16. Bh6 Qc8 17. Qxc8 Rfxc8 18. Bxg7 Kxg7 19. Ne4 Ne6 20. g3 Rd8
21. c3 Rd5 22. Rxd5 cxd5 23. Nd2 d4 24. c4 g5 25. b4 a5 26. b5 Kg6 27. Kg2 Nc5
28. Kf3 h5 29. h3 a4 30. g4 hxg4+ 31. hxg4 Rh8 32. Kg3 Nd3 33. Re4 Nf4 34. f3
Rh3+ 35. Kf2 Rh2+ 36. Ke1 Nd3+ 37. Kf1 Rf2+ 38. Kg1 Rxd2 39. Rxd4 Nxe5 40. Rxd2
Nxf3+ 41. Kg2 Nxd2 42. c5 Nc4 0-1

[Event "GBR-ch105 Seniors 65"]
[Site "Hull"]
[Date "2018.07.30"]
[Round "2.13"]
[White "Hughes, Peter"]
[Black "Anderton, David W"]
[Result "0-1"]
[WhiteElo "1766"]
[BlackElo "2084"]
[PlyCount "54"]
[EventDate "2018.07.29"]
[EventType "swiss"]
[EventRounds "7"]
[EventCountry "GBR"]

1. d4 f5 2. g3 Nf6 3. Bg2 g6 4. Nf3 Bg7 5. O-O O-O 6. c4 d6 7. Nc3 c6 8. Rb1 a5
9. b3 Na6 10. Bb2 Qc7 11. e3 e5 12. dxe5 dxe5 13. Qe2 e4 14. Nd4 Re8 15. Rbd1
Ng4 16. Qc2 Bd7 17. Rd2 Rad8 18. a3 Nc5 19. Nce2 Nd3 20. Bc3 b5 21. Nc1 b4 22.
Ba1 Ndxf2 23. Qa2 Nd3 24. Nc2 Be6 25. h3 Nge5 26. Kh2 h5 27. Ne1 Nxc1 0-1

[Event "GBR-ch105 Seniors 65"]
[Site "Hull"]
[Date "2018.07.30"]
[Round "2.14"]
[White "Myall, Ivan J"]
[Black "Gregg, Alan M"]
[Result "1/2-1/2"]
[WhiteElo "2007"]
[BlackElo "1960"]
[PlyCount "40"]
[EventDate "2018.07.29"]
[EventType "swiss"]
[EventRounds "7"]
[EventCountry "GBR"]

1. d4 d5 2. Bf4 e6 3. e3 Bd6 4. Bg3 Nf6 5. Nd2 b6 6. c3 Bb7 7. Bd3 Nbd7 8. Ngf3
Ne4 9. Bxd6 cxd6 10. Qc2 f5 11. h4 O-O 12. Qa4 Ndf6 13. Ng5 Qe7 14. f3 Ng3 15.
Rh2 Nfh5 16. O-O-O h6 17. Nh3 e5 18. dxe5 dxe5 19. Qb4 Qxb4 20. cxb4 Rac8+
1/2-1/2

[Event "GBR-ch105 Seniors 65"]
[Site "Hull"]
[Date "2018.07.30"]
[Round "2.15"]
[White "Illingworth, John B"]
[Black "Feavyour, John A"]
[Result "0-1"]
[WhiteElo "1631"]
[BlackElo "1980"]
[PlyCount "68"]
[EventDate "2018.07.29"]
[EventType "swiss"]
[EventRounds "7"]
[EventCountry "GBR"]

1. d4 Nf6 2. Bg5 Ne4 3. Bf4 d5 4. f3 Nf6 5. Nc3 e6 6. e3 Nh5 7. Bg3 Nxg3 8.
hxg3 Qg5 9. Kf2 c5 10. Nb5 Na6 11. c3 Bd7 12. a4 Be7 13. f4 Qf6 14. Nf3 c4 15.
b3 cxb3 16. Qxb3 O-O 17. Ne5 Rfd8 18. Bd3 g6 19. Qc2 Be8 20. Rh3 Qg7 21. Rah1
f5 22. Be2 Rdc8 23. Qb3 Nc7 24. Nxc7 Rxc7 25. c4 Rd8 26. cxd5 exd5 27. Bf3 Bc6
28. Rc1 Bf6 29. Rc5 Bxe5 30. dxe5 Qd7 31. Rh1 Kg7 32. Rd1 Bxa4 33. Rcxd5 Bxb3
34. Rxd7+ Rcxd7 0-1

[Event "GBR-ch105 Seniors 65"]
[Site "Hull"]
[Date "2018.07.30"]
[Round "2.16"]
[White "Pickersgill, Adrian O"]
[Black "Dennis, Nigel W"]
[Result "1-0"]
[WhiteElo "1919"]
[BlackElo "1806"]
[PlyCount "59"]
[EventDate "2018.07.29"]
[EventType "swiss"]
[EventRounds "7"]
[EventCountry "GBR"]

1. e4 c5 2. Nc3 Nc6 3. f4 d6 4. Nf3 Bg4 5. Bb5 a6 6. Bxc6+ bxc6 7. O-O e6 8. h3
Bxf3 9. Qxf3 Qc7 10. d3 d5 11. Bd2 Nf6 12. Rae1 Be7 13. f5 d4 14. Nd1 e5 15. b3
Nd7 16. Nf2 Nf6 17. g4 O-O-O 18. Nd1 Nd7 19. Nb2 Rdf8 20. Nc4 g6 21. Ba5 Qb7
22. f6 Nxf6 23. Qxf6 Bxf6 24. Nd6+ Kb8 25. Nxb7 Bh4 26. Nxc5 Bxe1 27. Bxe1 Kc7
28. Rf6 h5 29. Ba5+ Kc8 30. Rxc6+ 1-0

[Event "GBR-ch105 Seniors 65"]
[Site "Hull"]
[Date "2018.07.30"]
[Round "2.17"]
[White "Tidmarsh, David A"]
[Black "Surtees, Michael J"]
[Result "0-1"]
[WhiteElo "1818"]
[BlackElo "2146"]
[PlyCount "74"]
[EventDate "2018.07.29"]
[EventType "swiss"]
[EventRounds "7"]
[EventCountry "GBR"]

1. e4 c6 2. d4 d5 3. e5 Bf5 4. Nd2 e6 5. Nb3 Nd7 6. Be3 h5 7. Nf3 h4 8. h3 f6
9. exf6 gxf6 10. Bd3 Ne7 11. Qe2 Kf7 12. Bd2 Qc7 13. Bxf5 Nxf5 14. O-O-O Re8
15. Qd3 c5 16. Nxc5 Bxc5 17. dxc5 Nxc5 18. Qe2 Ra8 19. Be3 Ne4 20. Nh2 Nxe3 21.
fxe3 Ng3 22. Qf2 Nxh1 23. Rxh1 Qg3 24. Qf3 Rhg8 25. Ng4 Qxf3 26. gxf3 Ke7 27.
Rh2 b5 28. a3 a5 29. Kd2 e5 30. c3 Ke6 31. Nf2 Rg3 32. f4 Rag8 33. Ng4 f5 34.
Nxe5 Rg2+ 35. Rxg2 Rxg2+ 36. Kc1 Rg3 37. Nc6 Rxh3 0-1

[Event "GBR-ch105 Seniors 65"]
[Site "Hull"]
[Date "2018.07.30"]
[Round "2.18"]
[White "Fisher, C Phillip"]
[Black "Norman, Kenneth I"]
[Result "0-1"]
[WhiteElo "1815"]
[BlackElo "2094"]
[PlyCount "120"]
[EventDate "2018.07.29"]
[EventType "swiss"]
[EventRounds "7"]
[EventCountry "GBR"]

1. e4 e5 2. Nf3 Nc6 3. Bc4 Bc5 4. c3 Nf6 5. d3 a6 6. a4 d6 7. O-O O-O 8. Nbd2
Ba7 9. h3 h6 10. Re1 Qe7 11. Nf1 Be6 12. Bb3 Nh5 13. Be3 Qf6 14. Bxe6 fxe6 15.
Bxa7 Rxa7 16. N1h2 Nf4 17. Ng4 Qf7 18. Ngh2 Qg6 19. g3 Nxh3+ 20. Kg2 Ng5 21.
Nh4 Qf7 22. Rf1 Nh7 23. f4 Nf6 24. f5 exf5 25. Nxf5 Ne7 26. Ng4 Nxf5 27. Rxf5
Qe6 28. Qf3 Raa8 29. Rf1 Nd7 30. Ne3 c6 31. Qg4 Kh7 32. Qh3 Nf6 33. g4 Qe7 34.
g5 Ng8 35. Qf3 Rxf5 36. Qxf5+ Kh8 37. g6 Nf6 38. Ng4 Rf8 39. Nxf6 Qxf6 40. Kg3
Qxf5 41. exf5 Kg8 42. Kg4 d5 43. Re1 Re8 44. b4 Kf8 45. c4 e4 46. dxe4 Rxe4+
47. Rxe4 dxe4 48. Kf4 Ke7 49. Kxe4 Kf6 50. Kf4 h5 51. b5 axb5 52. cxb5 cxb5 53.
axb5 h4 54. Kg4 h3 55. Kxh3 Kxf5 56. Kg3 Kxg6 57. Kg4 Kf6 58. Kf4 b6 59. Ke4
Ke6 60. Kd4 Kd6 0-1

[Event "GBR-ch105 Seniors 65"]
[Site "Hull"]
[Date "2018.07.30"]
[Round "2.19"]
[White "Ramage, Colin R"]
[Black "Downham, Alan F"]
[Result "1-0"]
[WhiteElo "1802"]
[BlackElo "1990"]
[PlyCount "43"]
[EventDate "2018.07.29"]
[EventType "swiss"]
[EventRounds "7"]
[EventCountry "GBR"]

1. e4 g6 2. d4 Bg7 3. Bc4 c5 4. Nf3 cxd4 5. O-O Nc6 6. c3 dxc3 7. Nxc3 d6 8.
Bf4 Nf6 9. e5 dxe5 10. Nxe5 O-O 11. Qb3 Nxe5 12. Bxe5 Qa5 13. Rfe1 Qc5 14. Na4
Qc6 15. Rac1 Qd7 16. Nc5 Qf5 17. Bd3 Qh5 18. Bg3 Qd5 19. Bc4 Qc6 20. Rxe7 b6
21. Bxf7+ Kh8 22. Nd3 1-0

[Event "GBR-ch105 Seniors 65"]
[Site "Hull"]
[Date "2018.07.30"]
[Round "2.20"]
[White "Procter, Colin S"]
[Black "Stimpson, Philip M"]
[Result "0-1"]
[WhiteElo "1780"]
[BlackElo "1920"]
[PlyCount "44"]
[EventDate "2018.07.29"]
[EventType "swiss"]
[EventRounds "7"]
[EventCountry "GBR"]

1. d4 Nf6 2. Bf4 c5 3. e3 cxd4 4. exd4 Qb6 5. Nc3 d6 6. Nf3 g6 7. Bd3 Bg7 8.
O-O O-O 9. Rb1 a6 10. h3 h6 11. Ne2 Nc6 12. c3 Be6 13. Qd2 Bxa2 14. Bxh6 Bxb1
15. Bxg7 Kxg7 16. Rxb1 Rh8 17. Ng3 e6 18. Qg5 Qd8 19. Qe3 Nd5 20. Qd2 Qf6 21.
Ne4 Qf4 22. Bf1 Qxe4 0-1

[Event "GBR-ch105 Seniors 65"]
[Site "Hull"]
[Date "2018.07.30"]
[Round "2.21"]
[White "Price, Andrew"]
[Black "Smith, David"]
[Result "1-0"]
[WhiteElo "1779"]
[BlackElo "1916"]
[PlyCount "89"]
[EventDate "2018.07.29"]
[EventType "swiss"]
[EventRounds "7"]
[EventCountry "GBR"]

1. e4 d6 2. d4 Nf6 3. Nc3 g6 4. Nf3 Bg7 5. Bc4 c6 6. O-O O-O 7. h3 b5 8. Bd3 a6
9. Be3 Nbd7 10. Ne2 c5 11. c3 c4 12. Bc2 Bb7 13. Ng3 Re8 14. Nd2 e5 15. d5 Qc7
16. Qe2 Rac8 17. f3 a5 18. Qf2 Qd8 19. Ne2 Qe7 20. g4 Rf8 21. Ng3 Kh8 22. g5
Ng8 23. h4 h5 24. gxh6 Bxh6 25. h5 Bxe3 26. Qxe3 Qh4 27. Kg2 Qf4 28. Qf2 gxh5
29. Rh1 Ngf6 30. Nxh5 Rg8+ 31. Kf1 Nxh5 32. Rxh5+ Kg7 33. Rh4 Qf6 34. Ke2 Kf8
35. Rah1 Ke7 36. Rh5 Qg6 37. Qh4+ Ke8 38. Rh6 Qg2+ 39. Ke3 Qg5+ 40. Qxg5 Rxg5
41. Rxd6 Ke7 42. Rdh6 b4 43. Ba4 Nc5 44. Bb5 bxc3 45. bxc3 1-0

[Event "GBR-ch105 Seniors 65"]
[Site "Hull"]
[Date "2018.07.30"]
[Round "2.22"]
[White "McDonald, Ian"]
[Black "Collins, Peter M"]
[Result "1/2-1/2"]
[WhiteElo "1726"]
[BlackElo "1901"]
[PlyCount "45"]
[EventDate "2018.07.29"]
[EventType "swiss"]
[EventRounds "7"]
[EventCountry "GBR"]

1. e4 e6 2. d4 d5 3. exd5 exd5 4. Nf3 Bd6 5. c4 Nf6 6. c5 Be7 7. Bd3 O-O 8. O-O
Bg4 9. h3 Bh5 10. Be3 c6 11. Nbd2 Nbd7 12. Qc2 Bg6 13. Bxg6 hxg6 14. Rfe1 Re8
15. Bf4 Nf8 16. Be5 N6d7 17. b4 Nxe5 18. Nxe5 a6 19. Ndf3 Bf6 20. a4 Ne6 21.
Qd2 Qc7 22. Ng4 Qd8 23. a5 1/2-1/2

[Event "GBR-ch105 Seniors 65"]
[Site "Hull"]
[Date "2018.07.30"]
[Round "2.23"]
[White "Walkowiak, Adam"]
[Black "McKerracher, Douglas"]
[Result "0-1"]
[WhiteElo "1702"]
[BlackElo "1897"]
[PlyCount "66"]
[EventDate "2018.07.29"]
[EventType "swiss"]
[EventRounds "7"]
[EventCountry "GBR"]

1. d4 f5 2. Nc3 Nf6 3. e3 d5 4. Be2 e6 5. a3 c6 6. Nf3 Bd6 7. b4 O-O 8. Bb2
Nbd7 9. Na4 Qe7 10. c4 dxc4 11. Nc5 b5 12. Nd2 Nd5 13. Bxc4 bxc4 14. Nxc4 N7b6
15. Na5 Bd7 16. Rc1 Rac8 17. Qd3 Bxc5 18. dxc5 Na8 19. Be5 Qg5 20. O-O Nac7 21.
Nc4 Ne8 22. f4 Qd8 23. Rf3 Rf7 24. Rd1 Ra8 25. Qd4 Bc8 26. Rg3 Qd7 27. e4 fxe4
28. Qxe4 Ba6 29. Bb2 Bxc4 30. Qxc4 Qe7 31. Be5 Qh4 32. Rh3 Qg4 33. Rg3 Qxd1+
0-1

[Event "GBR-ch105 Seniors 65"]
[Site "Hull"]
[Date "2018.07.30"]
[Round "2.24"]
[White "Cresswell, Mike J"]
[Black "Donaghay, Richard H"]
[Result "1/2-1/2"]
[WhiteElo "1692"]
[BlackElo "1856"]
[PlyCount "37"]
[EventDate "2018.07.29"]
[EventType "swiss"]
[EventRounds "7"]
[EventCountry "GBR"]

1. e4 d5 2. d4 dxe4 3. Nc3 Nf6 4. f3 exf3 5. Nxf3 c6 6. Bd3 Bg4 7. O-O e6 8.
Ne2 Nbd7 9. c3 Bd6 10. h3 Bh5 11. Nf4 Bxf3 12. Qxf3 Qc7 13. Nh5 Rg8 14. Bxh7
O-O-O 15. Bxg8 Rxg8 16. Nxf6 gxf6 17. Bf4 e5 18. dxe5 fxe5 19. Bh2 1/2-1/2

[Event "GBR-ch105 Seniors 65"]
[Site "Hull"]
[Date "2018.07.30"]
[Round "2.25"]
[White "Slinger, Anthony J"]
[Black "Harvey, Derek D"]
[Result "1/2-1/2"]
[WhiteElo "1845"]
[BlackElo "1577"]
[PlyCount "94"]
[EventDate "2018.07.29"]
[EventType "swiss"]
[EventRounds "7"]
[EventCountry "GBR"]

1. e4 e5 2. Nc3 Be7 3. Bc4 Nf6 4. d3 O-O 5. f4 d6 6. Nf3 Nc6 7. O-O exf4 8.
Bxf4 Na5 9. Bb3 Nxb3 10. axb3 a6 11. h3 Be6 12. Bh2 Qd7 13. Ng5 h6 14. Nxe6
fxe6 15. Qe2 e5 16. Rf3 Rf7 17. Raf1 Raf8 18. Kh1 Nh7 19. Rxf7 Rxf7 20. Rxf7
Kxf7 21. Qf2+ Nf6 22. Nd5 c6 23. Nxf6 Bxf6 24. Bg3 Kg8 25. Qf3 Bg5 26. Be1 Qf7
27. Bc3 Qxf3 28. gxf3 Bf4 29. d4 Kf7 30. dxe5 dxe5 31. Kg2 Kg6 32. b4 Kf6 33.
b3 Ke6 34. Kf2 Kf6 35. Be1 Bg5 36. Bc3 Ke6 37. Ke2 Bd8 38. f4 Bc7 39. f5+ Kf6
40. Bd2 Bd6 41. Kf3 h5 42. c4 g6 43. fxg6 Kxg6 44. Bc3 Kg5 45. Kg3 Kf6 46. Kh4
Kg6 47. Kg3 Kf6 1/2-1/2

[Event "GBR-ch105 Seniors 65"]
[Site "Hull"]
[Date "2018.07.30"]
[Round "2.26"]
[White "Mitchell, Robert"]
[Black "Goodwin, Ed H"]
[Result "1/2-1/2"]
[WhiteElo "1527"]
[BlackElo "1844"]
[PlyCount "77"]
[EventDate "2018.07.29"]
[EventType "swiss"]
[EventRounds "7"]
[EventCountry "GBR"]

1. d4 e6 2. Bf4 Nf6 3. e3 d5 4. c3 Bd6 5. Bg3 b6 6. Nf3 Bxg3 7. hxg3 Bb7 8. Ne5
Qd6 9. f4 Nbd7 10. Nd2 O-O 11. Bd3 Ne4 12. Qh5 h6 13. Nxe4 dxe4 14. Nxd7 Qxd7
15. Be2 Qd5 16. Qg4 f5 17. Qh4 c5 18. g4 fxg4 19. Qxg4 Qf5 20. Qg3 Qf6 21.
O-O-O cxd4 22. Rxd4 Rad8 23. Rhd1 Rxd4 24. Rxd4 Rd8 25. Rxd8+ Qxd8 26. Qg6 Bd5
27. b3 Qc8 28. Kb2 Qd7 29. g4 Bc6 30. g5 Qd2+ 31. Ka3 Qc1+ 32. Kb4 a5+ 33. Kc4
Bd5+ 34. Kb5 hxg5 35. Qe8+ Kh7 36. Qh5+ Kg8 37. c4 Qxe3 38. Qe8+ Kh7 39. Qh5+
1/2-1/2

[Event "GBR-ch105 Seniors 65"]
[Site "Hull"]
[Date "2018.07.30"]
[Round "2.27"]
[White "Moore, Gillian A"]
[Black "Calvert, John C"]
[Result "1-0"]
[WhiteElo "1835"]
[BlackElo "1494"]
[PlyCount "69"]
[EventDate "2018.07.29"]
[EventType "swiss"]
[EventRounds "7"]
[EventCountry "GBR"]

1. d4 Nf6 2. Bg5 e6 3. e4 Be7 4. Bd3 O-O 5. Nd2 d6 6. f4 b6 7. Qe2 Bb7 8. c3
Nc6 9. Ngf3 Re8 10. O-O Rc8 11. Rad1 Nb8 12. e5 Nfd7 13. Bxe7 Rxe7 14. Ng5 g6
15. exd6 cxd6 16. Nge4 Nf8 17. Nf3 Kg7 18. Nfg5 f6 19. Nh3 Qd7 20. Nhf2 Rce8
21. g4 Rf7 22. g5 f5 23. Nf6 Rxf6 24. gxf6+ Kxf6 25. Bb5 Bc6 26. Bxc6 Qxc6 27.
Nd3 Kg7 28. Nb4 Qd7 29. Rfe1 Qc8 30. Qd3 Nbd7 31. Re2 Nf6 32. Kf1 Qb7 33. d5 e5
34. c4 e4 35. Qd4 $138 1-0

[Event "GBR-ch105 Seniors 65"]
[Site "Hull"]
[Date "2018.07.31"]
[Round "3.1"]
[White "Bowmer, Kevin"]
[Black "Shephard, Chris CW"]
[Result "1/2-1/2"]
[WhiteElo "2039"]
[BlackElo "2201"]
[PlyCount "63"]
[EventDate "2018.07.29"]
[EventType "swiss"]
[EventRounds "7"]
[EventCountry "GBR"]

1. e4 c5 2. Nf3 Nc6 3. d4 cxd4 4. Nxd4 Nf6 5. Nc3 e5 6. Ndb5 d6 7. Bg5 a6 8.
Na3 Be6 9. Nc4 Rb8 10. a4 Nb4 11. Be2 Rc8 12. Ne3 Be7 13. O-O h6 14. Bxf6 Bxf6
15. Ncd5 Nxd5 16. Nxd5 Bxd5 17. Qxd5 Rxc2 18. Bc4 O-O 19. b3 Qb6 20. Rad1 Be7
21. Rd3 Qb4 22. Rfd1 b5 23. axb5 axb5 24. Qxb5 Qxb5 25. Bxb5 Ra8 26. Bc4 Raa2
27. Rf3 Bf6 28. g3 Rd2 29. Rxd2 Rxd2 30. Rc3 Bd8 31. Rf3 Bf6 32. Rc3 1/2-1/2